Uṣūl al-baḥth al-ijtimāʻī, (Record no. 48959)

MARC details
000 -LEADER
fixed length control field 00760cam a22002291 4500
001 - CONTROL NUMBER
control field ne 66001098
003 - CONTROL NUMBER IDENTIFIER
control field DLC
005 - DATE AND TIME OF LATEST TRANSACTION
control field 20260227111824.0
008 - FIXED-LENGTH DATA ELEMENTS--GENERAL INFORMATION
fixed length control field 840111s1963 ua 000 0 arar
010 ## - LIBRARY OF CONGRESS CONTROL NUMBER
LC control number ne 66001098
035 ## - SYSTEM CONTROL NUMBER
System control number (OCoLC)10289929
040 ## - CATALOGING SOURCE
Original cataloging agency DLC
Transcribing agency TxU
Modifying agency TxU
-- DLC
042 ## - AUTHENTICATION CODE
Authentication code premarc
050 00 - LIBRARY OF CONGRESS CALL NUMBER
Classification number H62
Item number .H263
100 1# - MAIN ENTRY--PERSONAL NAME
Personal name Ḥasan, ʻAbd al-Bāsiṭ Muḥammad.
245 10 - TITLE STATEMENT
Title Uṣūl al-baḥth al-ijtimāʻī,
Statement of responsibility, etc. taʼlīf ʻAbd al-Bāsiṭ Muḥammad Ḥasan.
250 ## - EDITION STATEMENT
Edition statement al-Ṭabʻah 1.
260 ## - PUBLICATION, DISTRIBUTION, ETC.
Place of publication, distribution, etc. Miṣr,
Name of publisher, distributor, etc. Maṭbaʻat Lajnat al-Bayān al-ʻArabī,
Date of publication, distribution, etc. 1963.
300 ## - PHYSICAL DESCRIPTION
Extent 440 (i.e. 640) p. ;
Dimensions 24 cm.
500 ## - GENERAL NOTE
General note Name of publisher, Maktabat al-Qāhirah al-ḥadīthah, stamped on t.p.
650 #0 - SUBJECT ADDED ENTRY--TOPICAL TERM
Topical term or geographic name entry element Social sciences
General subdivision Research.

No items available.

Powered by Koha